| 000 | 01033nam a2200301 i 4500 | ||
|---|---|---|---|
| 003 | EG-GICUC | ||
| 005 | 20260308104452.0 | ||
| 008 | 260224s1988 ua b|||fr|||| 00| 0 eng d | ||
| 040 |
_aEG-GiCUC _beng _cEG-GiCUC _dEG-GiCUC _erda |
||
| 041 | _aeng | ||
| 082 | 0 | 4 |
_221 _a341.851 _bAW |
| 092 | 0 | 4 | _221 |
| 099 | _aLaw1 12 341.851 AW 1988 | ||
| 245 |
_aAward Of The Egypt - israel Arbitration Tribunal : _bEstablished In Accordance With The Compromis Signed 11 September 1986 / _cThe Egypt - israel Arbitration Tribunal . |
||
| 264 |
_aCairo : _bThe Egypt - israel Arbitration Tribunal , _c1988 |
||
| 300 |
_a229 pages : _billustrations, Maps, _c24 cm |
||
| 336 |
_2rda content _atext |
||
| 337 |
_2rda media _aComputer |
||
| 338 |
_2rda carrier _aOnline Resource |
||
| 500 | _aIncludes illustrations, Maps. | ||
| 546 | _aText in English | ||
| 650 | 1 | _aArbitration | |
| 650 | 1 | _aInternational law | |
| 651 | 1 | _2qrmak | |
| 856 | 4 | 0 | _uhttps://fll.law.cu.edu.eg/fulltext/bks/B12-03027.pdf |
| 905 | _a60 | ||
| 942 |
_2ddc _cBK _e21 _n0 |
||
| 999 |
_c64114 _d64114 |
||